Unskilled labor for development : (Record no. 2878)
[ view plain ]
| 000 -LEADER | |
|---|---|
| fixed length control field | 01032cam a2200289 i 4500 |
| 001 - CONTROL NUMBER | |
| control field | 2878 |
| 003 - CONTROL NUMBER IDENTIFIER | |
| rucl marc code | BD-RjUL |
| 005 - DATE AND TIME OF LATEST TRANSACTION | |
| control field | 20211208233633.0 |
| 008 - FIXED-LENGTH DATA ELEMENTS--GENERAL INFORMATION | |
| fixed length control field | 131217s1977 mdu b 000 0 eng |
| 020 ## - INTERNATIONAL STANDARD BOOK NUMBER | |
| International Standard Book Number | 0801819385. |
| -- | 0801819490 |
| 035 ## - SYSTEM CONTROL NUMBER | |
| System control number | (BD-RjUL)2906 |
| 040 ## - CATALOGING SOURCE | |
| Original cataloging agency | DLC |
| Transcribing agency | DLC |
| Modifying agency | DLC |
| -- | BD-RjUL |
| Language of cataloging | eng |
| 041 ## - LANGUAGE CODE | |
| Language code of text/sound track or separate title | eng |
| 082 00 - DEWEY DECIMAL CLASSIFICATION NUMBER | |
| Classification number | 331.798091724 |
| Author mark and year | MCU 1977 |
| 100 1# - MAIN ENTRY--PERSONAL NAME | |
| Personal name | McDiarmid, Orville John, |
| Dates associated with a name | 1909- |
| 9 (RLIN) | 9224 |
| 245 10 - TITLE STATEMENT | |
| Title | Unskilled labor for development : |
| Remainder of title | its economic cost / |
| Statement of responsibility, etc. | Orville John McDiarmid. |
| 260 ## - PUBLICATION, DISTRIBUTION, ETC. (IMPRINT) | |
| Place of publication, distribution, etc. | Baltimore : |
| Name of publisher, distributor, etc. | Published for the World Bank [by] the Johns Hopkins University Press , |
| Date of publication, distribution, etc. | c1977. |
| 300 ## - PHYSICAL DESCRIPTION | |
| Pagination | xii, 206 p. : |
| Illustrations | ill. ; |
| Size | 23 cm. |
| 504 ## - BIBLIOGRAPHY, ETC. NOTE | |
| Bibliography, etc | Bibliography: p. 203-206. |
| 650 #0 - SUBJECT ADDED ENTRY--TOPICAL TERM | |
| Topical term or geographic name as entry element | Wages |
| Geographic subdivision | Developing countries. |
| 9 (RLIN) | 9225 |
| Topical term or geographic name as entry element | Wages |
| Geographic subdivision | Asia. |
| 9 (RLIN) | 9226 |
| Topical term or geographic name as entry element | Unskilled labor. |
| 9 (RLIN) | 9227 |
| 710 2# - ADDED ENTRY--CORPORATE NAME | |
| Corporate name or jurisdiction name as entry element | World Bank. |
| 9 (RLIN) | 6092 |
| 856 ## - ELECTRONIC LOCATION AND ACCESS | |
| Uniform Resource Identifier | <a href="http://www.worldcat.org/title/unskilled-labor-for-development-its-economic-cost/oclc/2645801&referer=brief_results">http://www.worldcat.org/title/unskilled-labor-for-development-its-economic-cost/oclc/2645801&referer=brief_results</a> |
| 942 ## - ADDED ENTRY ELEMENTS (KOHA) | |
| Source of classification or shelving scheme | Dewey Decimal Classification |
| Koha item type | Books |
| Lost status | Source of classification or shelving scheme | Damaged status | Not for loan | Collection code | Permanent Location | Current Location | Shelving location | Date acquired | Source of acquisition | Cost, normal purchase price | Total Checkouts | Full call number | Date last seen | Copy number | Koha item type |
|---|---|---|---|---|---|---|---|---|---|---|---|---|---|---|---|
| Dewey Decimal Classification | Non-fiction | Central Library, University of Rajshahi | Central Library, University of Rajshahi | 05/10/1983 | Tulip eter. dhaka | 7.50 | 331.798091724 MCU 1977 | 17/12/2013 | C-2 | Books | |||||
| Dewey Decimal Classification | Non-fiction | Central Library, University of Rajshahi | Central Library, University of Rajshahi | 08/03/1978 | World book | 331.798091724 MCU 1977 | 22/06/2016 | C-3 | Books |